000 00500nam a22001577a 4500
005 20251108165247.0
008 250721s9999 xx 000 0 ara d
082 1 4 _a613.9/محا
245 1 0 _aمحاضرات مختارة في تنظيم الأسرة /
264 1 _aعمان :
_bمطبعة عبود،
_c[19-].
300 _a214ص
650 1 7 _aتحديد النسل
710 2 _aجمعية تنظيم و حماية الأسرة الأردنية
_eإشراف
942 _2ddc
_cBK
999 _c23475
_d23475